MARC details
| 000 -LEADER |
| fixed length control field |
01718cam a2200301 a 4500 |
| 001 - CONTROL NUMBER |
| control field |
29358900 |
| 003 - CONTROL NUMBER IDENTIFIER |
| control field |
OCoLC |
| 005 - DATE AND TIME OF LATEST TRANSACTION |
| control field |
20241126110700.0 |
| 008 - FIXED-LENGTH DATA ELEMENTS--GENERAL INFORMATION |
| fixed length control field |
931025s1993 ilu b 000 0 eng |
| 010 ## - |
| -- |
93041901 |
| 020 ## - INTERNATIONAL STANDARD BOOK NUMBER |
| International Standard Book Number |
0830816577 (pbk. : alk. paper) |
| 020 ## - INTERNATIONAL STANDARD BOOK NUMBER |
| International Standard Book Number |
9780830816576 (pbk. : alk. paper) |
| 035 ## - SYSTEM CONTROL NUMBER |
| System control number |
(OCoLC)29358900 |
| 040 ## - CATALOGING SOURCE |
| Original cataloging agency |
DLC |
| Language of cataloging |
eng |
| Transcribing agency |
DLC |
| Modifying agency |
BAKER |
| -- |
BTCTA |
| -- |
MZN |
| -- |
YDXCP |
| -- |
OCLCG |
| -- |
HNW |
| -- |
BDX |
| -- |
OCLCO |
| -- |
OCLCF |
| 050 00 - |
| -- |
BV4597.53.C58 |
| -- |
E55 1993 |
| 082 00 - DEWEY DECIMAL CLASSIFICATION NUMBER |
| Classification number |
261.834 |
| Edition information |
20 |
| Item number |
ELM |
| 092 0# - LOCALLY ASSIGNED DEWEY CALL NUMBER (OCLC) |
| Classification number |
261.83334 |
| Item number |
E482 |
| 100 1# - MAIN ENTRY--PERSONAL NAME |
| Personal name |
Elmer, Duane, |
| Dates associated with a name |
1943- |
| 9 (RLIN) |
15531 |
| 245 10 - TITLE STATEMENT |
| Title |
Cross-cultural conflict : |
| Remainder of title |
building relationships for effective ministry / |
| Statement of responsibility, etc. |
Duane Elmer. |
| 260 ## - PUBLICATION, DISTRIBUTION, ETC. |
| Place of publication, distribution, etc. |
Downers Grove, Ill. : |
| Name of publisher, distributor, etc. |
InterVarsity Press, |
| Date of publication, distribution, etc. |
c1993. |
| 300 ## - PHYSICAL DESCRIPTION |
| Extent |
189 p. ; |
| Dimensions |
21 cm. |
| 504 ## - BIBLIOGRAPHY, ETC. NOTE |
| Bibliography, etc. note |
Includes bibliographical references (p. [187]-189). |
| 505 00 - FORMATTED CONTENTS NOTE |
| Miscellaneous information |
Pt. 1. |
| Title |
Understanding conflict and culture. |
| -- |
The amazing contours of conflict ; |
| -- |
Cultural diversity was God's idea (and so was unity) ; |
| -- |
Handling conflict the American way ; |
| -- |
Conflict and cultural values -- |
| Miscellaneous information |
Pt. 2. |
| Title |
Cultural diversity and conflict resolution. |
| -- |
Mediation and the mediator ; |
| -- |
The one-down position and vulnerability ; |
| -- |
Storytelling and proverbs ; |
| -- |
Inaction, misdirection, silence and indefinite persons -- |
| Miscellaneous information |
Pt. 3. |
| Title |
Implications for the gospel message. |
| -- |
Communicating the gospel across cultures ; |
| -- |
Power and winning : the twin diseases ; |
| -- |
Communication principles for conflict resolution : a case study from Joshua ; |
| -- |
Principles for managing conflict. |
| 650 #0 - SUBJECT ADDED ENTRY--TOPICAL TERM |
| Topical term or geographic name entry element |
Conflict management |
| General subdivision |
Religious aspects |
| -- |
Christianity. |
| 9 (RLIN) |
129 |
| 650 #0 - SUBJECT ADDED ENTRY--TOPICAL TERM |
| Topical term or geographic name entry element |
Missionaries |
| General subdivision |
Training of. |
| 9 (RLIN) |
2867 |
| 650 #0 - SUBJECT ADDED ENTRY--TOPICAL TERM |
| Topical term or geographic name entry element |
Intergroup relations. |
| 9 (RLIN) |
15572 |
| 942 ## - ADDED ENTRY ELEMENTS (KOHA) |
| Source of classification or shelving scheme |
Dewey Decimal Classification |
| Koha item type |
Books |
| Koha issues (borrowed), all copies |
3 |